Entry Personal Name
Number of records used in: 1
001 - CONTROL NUMBER
003 - CONTROL NUMBER IDENTIFIER
005 - DATE AND TIME OF LATEST TRANSACTION
- control field:
20231204144105.0
008 - FIXED-LENGTH DATA ELEMENTS
- fixed length control field:
840405n| azannaabn |n aaa
010 ## - LIBRARY OF CONGRESS CONTROL NUMBER
- LC control number:
n 84001664
035 ## - SYSTEM CONTROL NUMBER
- System control number:
(OCoLC)oca01120143
035 ## - SYSTEM CONTROL NUMBER
- System control number:
(CaEvSKY)skya2164573
040 ## - CATALOGING SOURCE
- Original cataloging agency:
DLC
- Language of cataloging:
eng
- Description conventions:
rda
- Transcribing agency:
DLC
- Modifying agency:
CSt
- Modifying agency:
NcU
- Modifying agency:
MX-SlUA
046 ## - SPECIAL CODED DATES
- Birth date:
1929
- Death date:
2016-02-06
- Source of date scheme:
edtf
100 1# - HEADING--PERSONAL NAME
- Personal name:
Parzen, Emanuel,
- Dates associated with a name:
1929-2016
370 ## - ASSOCIATED PLACE
- Associated country:
United States
- Source of term:
naf
372 ## - FIELD OF ACTIVITY
- Field of activity:
Statistics
- Source of term:
lcsh
373 ## - ASSOCIATED GROUP
- Associated group:
Texas A & M University
- Associated group:
Stanford University
- Source of term:
naf
374 ## - OCCUPATION
- Occupation:
College teachers
- Source of term:
lcsh
375 ## - GENDER
- Gender:
Males
- Source of term:
lcdgt
377 ## - ASSOCIATED LANGUAGE
670 ## - SOURCE DATA FOUND
- Source citation:
Time series analysis of irregularly observed data, c1984:
- Information found:
CIP t.p. (Emanuel Parzen)
670 ## - SOURCE DATA FOUND
- Source citation:
LC data base, 4/2/84
- Information found:
(hdg.: Parzen, Emanuel, 1929- )
670 ## - SOURCE DATA FOUND
- Source citation:
The chronicle of higher education, Feb. 19, 2016:
- Information found:
page A29 (Emanuel Parzen; died Feb. 6, 2016, Boca Raton, Fla.; former professor of statistics at Texas A & M University at College Station)
670 ## - SOURCE DATA FOUND
- Source citation:
Teoría moderna de probabilidades y sus aplicaciones, 1971:
- Information found:
title page (Emanuel Parzen Profesor asociado de estadística Universidad de Standford)